| 000 | 00516nam a2200145Ia 4500 | ||
|---|---|---|---|
| 008 | 140724s9999 xx 000 0 und d | ||
| 050 |
_aPN 4700 _b.C163 2008 |
||
| 100 | _aCallueng, Joshua Oliver F. | ||
| 245 | 2 |
_aA Bright hole in the Doughnut Industry : _bthe Krispy Kreme Campaign / _cJoshua Oliver F. Callueng. |
|
| 260 |
_aLas PiƱas, Philippines : _bSouthville International School and Colleges, _cc2008. |
||
| 300 |
_a56 p. : _bill. ; _c28 cm. |
||
| 521 | _aMass Communication | ||
| 942 | _cTH | ||
| 999 |
_c228886 _d228886 |
||